Responses for show #5978 - Wednesday, September 15, 2010

Roger Craig game 3.

Contestants

[<< previous game]

Katie Ganfield, a mom from St. Cloud, Minnesota

Kevin Knudson, a mathematics college professor from Gainesville, Florida

Roger Craig, a graduate student of computer science from Newark, Delaware (whose 2-day cash winnings total $114,000)

[next game >>]

Jeopardy! Round responses

ATOLLS
CABLE GUYS
(Alex: You ID the show for us, please.)
ANNUALLY OBSERVED
CHESS PIECES
1970
BACKWORDS
(Alex: Each correct response will be a word in the clue that is spelled backwards.)
    $200 24
the Pacific Ocean

Roger
    $200 14
Entourage

Roger
    $200 26
Japan

Roger
    $200 2
the pawns

Roger
    $200 18
Kent State

Roger
    $200 1
spay

Roger
    $400 25
(Katie: What is Easter?)

Christmas Island

KevinKatie
    $400 15
The Tudors

Katie
    $400 30
(Kevin: Who is Elizabeth?)

Victoria

Kevin
Triple Stumper
    $400 3
the king & queen

Roger
    $400 19
Doonesbury

Kevin
    $400 10
a dog

Roger
    $1,800 7
nuclear tests

Roger
    $600 16
Royal Pains

Triple Stumper
    $600 29
nurses

Roger
    $600 4
the bishop

Kevin
    $600 20
cigarettes

Kevin
    $600 11
rats

Roger
    $800 8
Guam

Roger
    $800 17
Breaking Bad

Roger
    $800 28
Hinduism

Roger
    $800 5
a rook

Kevin
    $800 21
a Pinto

Kevin
    $800 12
a spit

Kevin
    $1000 9
Diego Garcia

Triple Stumper
    $1000 23
True Blood

Katie
    $1000 27
the Assumption

Katie
    $1000 6
a knight

Roger
    $1000 22
(Charles) de Gaulle

Kevin
    $1000 13
Emir

Roger

Scores at the first commercial break (after clue 13):

Roger Kevin Katie
$6,400 $2,200 $0

Scores at the end of the Jeopardy! Round:

Roger Kevin Katie
$9,400 $5,000 $2,000

Double Jeopardy! Round responses

ART SCHOOL
SINGERS ON SCREEN
AMPHIBIANS
IT'S NOT EASY BEING TWEEN
LOVABLE QUOTES
"L" 8-LETTER WORDS
(Alex: Each correct response will contain 8 letters and begin with an "L".)
    $400 1
(Katie: What is a fountain?)

a palace

RogerKatie
    $400 18
(Kevin: [Groans])

Mariah Carey

KevinKatie
    $400 5
poisonous

Roger
    $400 10
Twitter

Roger
    $400 15
(Kevin: Who is Donne?)

Chaucer

RogerKevin
    $400 28
location

Roger
    $800 22
the Netherlands

Katie
    $800 19
(Tim) McGraw

Roger
    $800 6
lungs

Roger
    $800 11
puberty

Roger
    $800 16
the Song of Solomon

Kevin
    $800 29
a limerick

Kevin
    $10,000 4
(Roger: What are Faberge eggs?)

icons

Roger
    $1200 23
Fergie

Katie
    $1200 7
a lily

Roger
    $1200 12
Justin Bieber

Kevin
    $1200 17
Oscar Wilde

Katie
    $1200 30
laureate

Katie
    $1600 3
Petrarch

Roger
    $1600 20
Sting

Roger
    $1600 8
scales

Roger
    $1600 13
peer pressure

Kevin
    $2,000 24
(Katie: Who is Romeo?)

Othello

Katie
    $1600 26
Leukemia

Kevin
    $2000 2
New York City

Roger
    $2000 21
Alicia Keys

Katie
    $2000 9
a newt

Kevin
    $2000 14
(Roger: What is Theatre of the Absurd?)

existentialism

Roger
Triple Stumper
    $2000 25
[Roger gave both listed responses.]

Bedlam (or Bethlehem Royal)

Roger
    $2000 27
litigate

Roger

Scores at the end of the Double Jeopardy! Round:

Roger Kevin Katie
$13,800 $12,200 $6,400

[wagering suggestions for these scores]

Final Jeopardy! Round responses

MONARCHS
(Alex: That line was broken when Margrethe became queen in 1972.)
KatieWhat is Sweden?
$0
KevinWhat is Austria
$12,000
RogerWhat is Denmark?
$10,601
Denmark

Final scores:

Roger Kevin Katie
$24,401 $200 $6,400
3-day champion: $138,401 3rd place: $1,000 2nd place: $2,000

Game dynamics:

Coryat scores:

Roger Kevin Katie
$22,600 $12,200 $8,400
31 R
(including 1 DD),
2 W
(including 1 DD)
14 R,
3 W
9 R,
3 W
(including 1 DD)

Combined Coryat: $43,200

The J! Archive is created by fans, for fans. The Jeopardy! game show and all elements thereof, including but not limited to copyright and trademark thereto, are the property of Jeopardy Productions, Inc. and are protected under law. This website is not affiliated with, sponsored by, or operated by Jeopardy Productions, Inc. Join the discussion at JBoard.tv.